Chinese writing system : minimal graphic units /

Hlavní autor: Vochala, Jaromír, 1927-
Jazyk: Angličtina
Vydáno: Praha : Univerzita Karlova, 1986
Vydání: 1. vyd.
Edice: Acta Universitatis Carolinae. Philologica. Monographia
Témata:
Fyzický popis: 143 s.
Knihy
Uloženo v:
LEADER 00995nam a22003132a 4500
001 000842647
003 CZ BrMZK
005 20070223100143.0
007 ta
008 070223s1986 xr er|||||||||||eng d
015 |a cnb000030148 
035 |a (OCoLC)17195538 
040 |a BOA001  |b cze 
041 1 |a eng  |b cze 
080 9 |a 651.921(510) 
080 9 |a 003.324 (510) 
100 1 |a Vochala, Jaromír,  |d 1927-  |7 jk01150312  |4 aut 
245 1 0 |a Chinese writing system :  |b minimal graphic units /  |c Jaromír Vochala 
250 |a 1. vyd. 
260 |a Praha :  |b Univerzita Karlova,  |c 1986 
300 |a 143 s. 
490 1 |a Acta Universitatis Carolinae. Philologica. Monographia ;  |v 1978, 70 
504 |a Obsahuje bibliografii 
830 0 |a Acta Universitatis Carolinae.  |p Philologica.  |p Monographia  |0 s 
910 |a BOA001  |b 2-0913.225 
964 |a Čínské písmo 
990 |a BK 
991 |b 200702 
996 6 |b 2619256630  |c 2-0913.225  |l MZK  |r Sklad / do 1 hodiny  |n 6  |w 000842647  |u 000010  |a 1  |e BOA001  |j MZK50  |s P